[Event "Titled Tuesday intern op 25th Apr Early"]
[Site "Chess.com INT"]
[Date "2023.04.25"]
[Round "1"]
[White "Korol, Dimitry"]
[Black "Horton, Andrew P"]
[Result "1-0"]
[WhiteElo "2287"]
[BlackElo "2366"]
[PlyCount "123"]
[EventDate "2023.04.25"]
[EventType "swiss (blitz)"]
[EventRounds "11"]
[EventCountry "USA"]
[SourceTitle "EXT 2024"]
[Source "ChessBase"]
[SourceDate "2023.10.10"]
[SourceVersion "1"]
[SourceVersionDate "2023.10.10"]
[SourceQuality "1"]

1. d4 Nf6 2. c4 e6 3. Nc3 d5 4. Bg5 Be7 5. cxd5 Nxd5 6. Bxe7 Qxe7 7. e4 Nxc3 8. bxc3 0-0 9. Nf3 Rd8 10. Be2 b6 11. 0-0 Bb7 12. Qd3 c5 13. Rad1 cxd4 14. cxd4 Nd7 15. Qe3 Rac8 16. h3 h6 17. Rfe1 Qb4 18. Bd3 Rc3 19. Qf4 Rdc8 20. Bb1 Qe7 21. Ne5 Nxe5 22. Qxe5 Qc7 23. Qxc7 R3xc7 24. d5 exd5 25. exd5 g6 26. d6 Rd7 27. Re7 Rcd8 28. Rxd7 Rxd7 29. Bc2 b5 30. f4 Kg7 31. Kf2 Kf6 32. Bb3 g5 33. g3 Be4 34. Ke3 Bf5 35. g4 Be6 36. Ke4 gxf4 37. Kxf4 Bxb3 38. axb3 Ke6 39. Ra1 Kxd6 40. Ra6+ Kc5 41. Rxh6 Kb4 42. h4 Kxb3 43. h5 b4 44. Rf6 Kc2 45. h6 b3 46. h7 Rd8 47. Rxf7 b2 48. Rb7 a5 49. g5 a4 50. g6 a3 51. g7 a2 52. g8Q Rxg8 53. hxg8Q b1Q 54. Qg6+ Kc1 55. Qg1+ Kc2 56. Qf2+ Kc1 57. Qe1+ Kc2 58. Qe2+ Kc3 59. Qe3+ Kc2 60. Qe4+ Kc3 61. Rxb1 axb1Q 62. Qxb1 1-0

[Event "Titled Tuesday intern op 25th Apr Late"]
[Site "Chess.com INT"]
[Date "2023.04.25"]
[Round "3"]
[White "Marin, Sebastian"]
[Black "Horton, Andrew P"]
[Result "1-0"]
[WhiteElo "2269"]
[BlackElo "2366"]
[PlyCount "113"]
[EventDate "2023.04.25"]
[EventType "swiss (blitz)"]
[EventRounds "11"]
[EventCountry "USA"]
[SourceTitle "EXT 2024"]
[Source "ChessBase"]
[SourceDate "2023.10.10"]
[SourceVersion "1"]
[SourceVersionDate "2023.10.10"]
[SourceQuality "1"]

1. e4 g6 2. d4 Bg7 3. Nf3 a6 4. a4 d6 5. Nc3 Nc6 6. h3 e5 7. dxe5 Nxe5 8. Nxe5 dxe5 9. Qxd8+ Kxd8 10. Bg5+ f6 11. 0-0-0+ Bd7 12. Be3 c6 13. Bb6+ Ke8 14. Bc4 Ne7 15. a5 Nc8 16. Bc5 Bf8 17. Na4 b5 18. axb6 Rb8 19. Bxa6 Bxc5 20. Nxc5 Nxb6 21. Rd6 Ke7 22. Rhd1 Rhd8 23. Nxd7 Rxd7 24. Rxc6 Rxd1+ 25. Kxd1 Nd7 26. b3 Rb4 27. f3 Nb8 28. Rc7+ Kd6 29. Rf7 Ke6 30. Ra7 Nc6 31. Rxh7 Rb6 32. Bc4+ Kd6 33. Rf7 Kc5 34. Rxf6 Rb8 35. Rxg6 Nb4 36. Re6 Rd8+ 37. Ke2 Kd4 38. h4 Nxc2 39. h5 Ne3 40. Kf2 Nd1+ 41. Ke1 Ne3 42. Rg6 Ra8 43. Kf2 Ra2+ 44. Kg1 Ra1+ 45. Kh2 Ra2 46. h6 Ra7 47. Rg7 Ra8 48. h7 Rh8 49. Bg8 Nf1+ 50. Kh3 Ke3 51. Re7 Kf4 52. Rf7+ Ke3 53. Rf5 Kd4 54. g4 Ne3 55. g5 Kc5 56. g6 Kd6 57. g7 1-0

[Event "Titled Tuesday intern op 28th Mar Late"]
[Site "Chess.com INT"]
[Date "2023.03.28"]
[Round "2"]
[White "Mekhane, Adam"]
[Black "Horton, Andrew P"]
[Result "0-1"]
[WhiteElo "2280"]
[BlackElo "2366"]
[PlyCount "172"]
[EventDate "2023.03.28"]
[EventType "swiss (blitz)"]
[EventRounds "11"]
[EventCountry "USA"]
[SourceTitle "EXT 2024"]
[Source "ChessBase"]
[SourceDate "2023.10.10"]
[SourceVersion "1"]
[SourceVersionDate "2023.10.10"]
[SourceQuality "1"]

1. e4 e5 2. Nf3 Nc6 3. Bb5 a6 4. Ba4 d6 5. 0-0 Bd7 6. d4 Nf6 7. Re1 exd4 8. Nxd4 Nxd4 9. Bxd7+ Nxd7 10. Qxd4 Qf6 11. Be3 Be7 12. Nc3 Qxd4 13. Bxd4 0-0 14. Nd5 Bd8 15. Rad1 Re8 16. a4 Rc8 17. g3 Re6 18. Nf4 Re8 19. Nd5 Nf8 20. Kg2 Ne6 21. Be3 Be7 22. h4 h5 23. c3 Bf8 24. a5 Rcd8 25. f4 Rd7 26. Kf3 Nd8 27. Bd4 Nc6 28. b4 Ne7 29. Nxe7+ Bxe7 30. e5 Red8 31. exd6 Bxd6 32. Bf2 f6 33. Rd3 Kf7 34. Red1 Ke6 35. Ke4 f5+ 36. Kf3 g6 37. Bd4 Be7 38. Re3+ Kf7 39. Rde1 Bf8 40. Re6 Rd6 41. Rxd6 Bxd6 42. Be5 Re8 43. Re3 Rd8 44. Rd3 Ke6 45. Bxd6 Rxd6 46. Re3+ Kd7 47. Ke2 Rc6 48. Kd3 b6 49. Re5 Rd6+ 50. Ke3 Rd1 51. Ke2 Rg1 52. Re3 Ra1 53. axb6 cxb6 54. Rd3+ Ke7 55. Re3+ Kf7 56. Rd3 a5 57. bxa5 bxa5 58. Rd6 Ra2+ 59. Kf3 Rc2 60. Rc6 a4 61. Ke3 a3 62. Kd3 Rg2 63. Ra6 Rxg3+ 64. Kd4 Rf3 65. Rxa3 Rxf4+ 66. Ke5 Re4+ 67. Kd5 Rxh4 68. Ra7+ Kf6 69. c4 Rh1 70. c5 Rd1+ 71. Kc6 h4 72. Kb7 Rb1+ 73. Kc7 Rc1 74. c6 Kg5 75. Kd7 Kg4 76. c7 h3 77. Ra6 Rxc7+ 78. Kxc7 g5 79. Rh6 Kg3 80. Kd6 f4 81. Ke5 f3 82. Ke4 f2 83. Rh5 f1Q 84. Rxg5+ Kh4 85. Rf5 Qxf5+ 86. Kxf5 Kg3 0-1

[Event "Titled Tuesday intern op 28th Mar Late"]
[Site "Chess.com INT"]
[Date "2023.03.28"]
[Round "3"]
[White "Svane, Rasmus"]
[Black "Horton, Andrew P"]
[Result "1-0"]
[WhiteElo "2620"]
[BlackElo "2366"]
[PlyCount "73"]
[EventDate "2023.03.28"]
[EventType "swiss (blitz)"]
[EventRounds "11"]
[EventCountry "USA"]
[SourceTitle "EXT 2024"]
[Source "ChessBase"]
[SourceDate "2023.10.10"]
[SourceVersion "1"]
[SourceVersionDate "2023.10.10"]
[SourceQuality "1"]

1. Nf3 Nf6 2. g3 b5 3. Bg2 Bb7 4. d4 e6 5. Bg5 Be7 6. Qd3 a6 7. c3 c5 8. Bxf6 gxf6 9. a4 c4 10. Qc2 f5 11. Nbd2 Qc7 12. e4 fxe4 13. Nxe4 Bxe4 14. Qxe4 d5 15. Qg4 b4 16. Qg7 Rf8 17. 0-0 h5 18. cxb4 Bxb4 19. Ng5 Nd7 20. Nh7 Rb8 21. Nxf8 Bxf8 22. Qg5 Qd8 23. Qxh5 Qf6 24. Rfe1 Rxb2 25. Qxd5 Qxf2+ 26. Kh1 Bb4 27. Qa8+ Ke7 28. Rf1 Qxd4 29. Rad1 Rd2 30. Rxd2 Bxd2 31. Qxa6 c3 32. Qc6 Ne5 33. Qc7+ Kf8 34. a5 f5 35. a6 Be3 36. Rb1 Nf7 37. h4 1-0

[Event "LCC English Rapid 12th"]
[Site "London"]
[Date "2021.12.11"]
[Round "3"]
[White "Horton, Andrew P"]
[Black "Ghasi, Ameet K"]
[Result "0-1"]
[WhiteElo "2366"]
[BlackElo "2485"]
[PlyCount "150"]
[EventDate "2021.12.11"]
[EventType "tourn (rapid)"]
[EventRounds "9"]
[EventCountry "ENG"]
[EventCategory "11"]
[SourceTitle "CBM 205 Extra"]
[Source "ChessBase"]
[SourceDate "2022.01.31"]
[SourceVersion "1"]
[SourceVersionDate "2022.01.31"]
[SourceQuality "1"]

1. d4 Nf6 2. c4 g6 3. g3 Bg7 4. Bg2 0-0 5. Nc3 d6 6. Nf3 Nc6 7. 0-0 Bf5 8. d5 Na5 9. Nd2 c5 10. e4 Bd7 11. Qc2 a6 12. Rb1 b5 13. b3 Rb8 14. Bb2 e5 15. Ne2 h5 16. h3 h4 17. g4 Nh7 18. f4 Qe7 19. Bc3 Nb7 20. Rbe1 Rbe8 21. Nf3 Qd8 22. f5 Bf6 23. Bd2 Kh8 24. Qc1 g5 25. a3 Qe7 26. Qc2 Rb8 27. Rb1 Rfc8 28. Rfc1 Qd8 29. Bf1 b4 30. Ne1 a5 31. Nd3 Ra8 32. Ra1 bxa3 33. Rxa3 Qe8 34. Rca1 Bd8 35. Nc3 Kg7 36. Nb5 Bb6 37. Kg2 Bd8 38. Nc3 Rab8 39. Na4 Nf8 40. Qc1 Nh7 41. Bc3 Bc7 42. Ne1 Qe7 43. Nf3 f6 44. Bd3 Be8 45. Bd2 Nd8 46. Qe1 Bxa4 47. Rxa4 Rxb3 48. Bc2 Rb4 49. Bxb4 cxb4 50. Qe3 Rb8 51. Bb3 Bb6 52. Qe2 Nb7 53. Nd2 Nf8 54. R4a2 Nd7 55. Ba4 Bd4 56. Rb1 Ndc5 57. Bc6 Qc7 58. Kf3 Bc3 59. Nf1 Nd8 60. Bb5 Ra8 61. Ne3 Rb8 62. Rc1 Nb3 63. Qd1 Nxc1 64. Qxc1 Bd4 65. Qd2 Qb6 66. Nd1 Nb7 67. Qc1 Nc5 68. Qb1 b3 69. Ra3 a4 70. Kg2 Qa5 71. Ra1 Qd2+ 72. Kh1 Qe1+ 73. Kg2 Qg3+ 74. Kf1 Qxh3+ 75. Ke2 Qxg4+ 0-1

[Event "Titled Tuesday intern op 13th July"]
[Site "Chess.com INT"]
[Date "2021.07.13"]
[Round "7"]
[White "Horton, Andrew P"]
[Black "Lazavik, Denis"]
[Result "0-1"]
[WhiteElo "2375"]
[BlackElo "2440"]
[PlyCount "170"]
[EventDate "2021.07.13"]
[EventType "swiss (blitz)"]
[EventRounds "11"]
[EventCountry "USA"]
[SourceTitle "CBM 203 Extra"]
[Source "ChessBase"]
[SourceDate "2021.09.30"]
[SourceVersion "1"]
[SourceVersionDate "2021.09.30"]
[SourceQuality "1"]

1. b3 d5 2. Bb2 Nf6 3. Nf3 c6 4. g3 Bf5 5. Bg2 e6 6. d3 h6 7. Nbd2 Be7 8. 0-0 0-0 9. Qe1 Bh7 10. e4 c5 11. Ne5 a5 12. a4 Na6 13. Qe2 Nb4 14. Rac1 Rc8 15. Rfe1 Re8 16. h3 Nd7 17. Nxd7 Qxd7 18. Qg4 Bf8 19. exd5 Nxd5 20. Nc4 Bf5 21. Qe2 Qd8 22. Qd2 b6 23. Re2 Nb4 24. Kh2 Nc6 25. Rce1 Nd4 26. Re3 Be7 27. Qd1 Bf6 28. Ba1 Bh7 29. Ne5 Qc7 30. Ng4 Bg5 31. f4 Be7 32. Ne5 Bf6 33. Ng4 Be7 34. Ne5 Red8 35. Be4 Nf5 36. Bxf5 Bxf5 37. Nc4 Bh7 38. Qf3 Bf8 39. R3e2 Qc6 40. Qxc6 Rxc6 41. Kg2 Be7 42. Kf3 Bf6 43. Be5 Kf8 44. g4 Be7 45. Bb2 Bg8 46. f5 Bh4 47. Rf1 f6 48. fxe6 Bxe6 49. Kg2 Bd5+ 50. Kh2 Re8 51. Rxe8+ Kxe8 52. Rd1 Kf7 53. Rd2 Re6 54. Bc3 Re1 55. Rg2 Rf1 56. Nd6+ Ke6 57. Ne4 Bxe4 58. dxe4 Bg5 59. Re2 Bf4+ 60. Kg2 Rd1 61. Kf3 Be5 62. Bxe5 Kxe5 63. Kg3 c4 64. bxc4 Rd4 65. Kf3 Rxc4 66. Re3 Rxa4 67. Rb3 Rb4 68. Rxb4 axb4 69. Ke3 b5 70. h4 g6 71. Kf3 Kd4 72. Kf4 Kc3 73. h5 gxh5 74. gxh5 Kxc2 75. Kf5 b3 76. Kxf6 b2 77. e5 b1Q 78. e6 Qf1+ 79. Kg7 Qe1 80. Kf7 b4 81. e7 b3 82. e8Q Qxe8+ 83. Kxe8 b2 84. Kf7 b1Q 85. Kg6 Qc1 0-1

[Event "Titled Tuesday intern op 13th July"]
[Site "Chess.com INT"]
[Date "2021.07.13"]
[Round "5"]
[White "Horton, Andrew P"]
[Black "Rodriguez, Santiago"]
[Result "1-0"]
[WhiteElo "2375"]
[BlackElo "2252"]
[PlyCount "99"]
[EventDate "2021.07.13"]
[EventType "swiss (blitz)"]
[EventRounds "11"]
[EventCountry "USA"]
[SourceTitle "CBM 203 Extra"]
[Source "ChessBase"]
[SourceDate "2021.09.30"]
[SourceVersion "1"]
[SourceVersionDate "2021.09.30"]
[SourceQuality "1"]

1. b3 Nf6 2. Bb2 g6 3. g3 Bg7 4. Bg2 0-0 5. Nf3 d6 6. 0-0 e5 7. c4 Nbd7 8. d4 e4 9. Ne1 h5 10. Nc3 Re8 11. Nc2 Nf8 12. Ne3 c6 13. d5 c5 14. Qc2 Qe7 15. Rae1 Bh6 16. Bc1 Bg7 17. f4 Ng4 18. Nxg4 hxg4 19. Nd1 f5 20. Bb2 Bd7 21. Bxg7 Qxg7 22. Ne3 b5 23. Rb1 b4 24. Qb2 a5 25. Qxg7+ Kxg7 26. a4 Nh7 27. h3 gxh3 28. Bxh3 Nf6 29. Kg2 Rh8 30. Rh1 Rh6 31. Kf2 Rah8 32. Bg2 Rxh1 33. Bxh1 g5 34. fxg5 Ng8 35. g4 f4 36. Ng2 Kg6 37. Nxf4+ Kxg5 38. Ke3 Nf6 39. Ne6+ Bxe6 40. dxe6 Rh3+ 41. Kd2 Nxg4 42. Bxe4 Nf6 43. Rg1+ Kf4 44. Bc6 Ke5 45. e7 Rh8 46. Rg3 Ke6 47. Re3+ Kf7 48. Kd3 Rc8 49. Bb5 d5 50. cxd5 1-0

[Event "Checkmate Covid Rematch"]
[Site "Chess.com INT"]
[Date "2021.06.06"]
[Round "?"]
[White "Horton, Andrew P"]
[Black "Cox, Tristan"]
[Result "1-0"]
[WhiteElo "2375"]
[BlackElo "2141"]
[PlyCount "49"]
[EventDate "2021.06.05"]
[EventType "swiss (blitz)"]
[EventRounds "20"]
[EventCountry "ENG"]
[SourceTitle "CBM 202 Extra"]
[Source "ChessBase"]
[SourceDate "2021.07.31"]
[SourceVersion "1"]
[SourceVersionDate "2021.07.31"]
[SourceQuality "1"]

1. b3 d5 2. Bb2 Nf6 3. e3 e6 4. f4 Be7 5. Nf3 0-0 6. Bd3 c5 7. 0-0 Nc6 8. Nc3 d4 9. Ne4 dxe3 10. dxe3 Nxe4 11. Bxe4 Qc7 12. Ne5 Bf6 13. Bxc6 bxc6 14. c4 Rd8 15. Qf3 a5 16. Rad1 Bb7 17. Rxd8+ Rxd8 18. Rd1 Rxd1+ 19. Qxd1 h6 20. a4 Bc8 21. Bc3 Kf8 22. Qd2 Bd8 23. Nxc6 Qxc6 24. Qxd8+ Qe8 25. Bxg7+ 1-0

[Event "Checkmate Covid Rematch"]
[Site "Chess.com INT"]
[Date "2021.06.06"]
[Round "?"]
[White "Horton, Andrew P"]
[Black "Turner, Matthew"]
[Result "0-1"]
[WhiteElo "2375"]
[BlackElo "2509"]
[PlyCount "88"]
[EventDate "2021.06.05"]
[EventType "swiss (blitz)"]
[EventRounds "20"]
[EventCountry "ENG"]
[SourceTitle "CBM 202 Extra"]
[Source "ChessBase"]
[SourceDate "2021.07.31"]
[SourceVersion "1"]
[SourceVersionDate "2021.07.31"]
[SourceQuality "1"]

1. d4 Nf6 2. c4 g6 3. g3 d5 4. cxd5 Bg7 5. Nf3 0-0 6. Bg2 Nxd5 7. 0-0 Nc6 8. e4 Nb6 9. d5 Na5 10. Qe1 Nac4 11. Nc3 c6 12. b3 Ne5 13. Nxe5 Bxe5 14. Bh6 Re8 15. dxc6 bxc6 16. Rd1 Qc7 17. Qe3 Ba6 18. Rfe1 Rad8 19. Bf1 Bxf1 20. Kxf1 Rxd1 21. Rxd1 Rd8 22. Rd3 Rxd3 23. Qxd3 Qd7 24. Qxd7 Nxd7 25. Na4 Bd4 26. Ke2 Nb6 27. Nxb6 axb6 28. Be3 e5 29. b4 Bxe3 30. Kxe3 b5 31. f4 f6 32. h4 Kf7 33. fxe5 fxe5 34. g4 g5 35. h5 Ke6 36. Kd3 Kd6 37. Kc3 Kc7 38. Kb3 Kb6 39. a4 bxa4+ 40. Kxa4 Ka6 41. Ka3 Kb5 42. Kb3 c5 43. bxc5 Kxc5 44. Kc3 h6 0-1

[Event "Checkmate Covid Rematch"]
[Site "Chess.com INT"]
[Date "2021.06.05"]
[Round "?"]
[White "Cox, Tristan"]
[Black "Horton, Andrew P"]
[Result "0-1"]
[WhiteElo "2141"]
[BlackElo "2375"]
[PlyCount "100"]
[EventDate "2021.06.05"]
[EventType "swiss (blitz)"]
[EventRounds "20"]
[EventCountry "ENG"]
[SourceTitle "CBM 202 Extra"]
[Source "ChessBase"]
[SourceDate "2021.07.31"]
[SourceVersion "1"]
[SourceVersionDate "2021.07.31"]
[SourceQuality "1"]

1. Nf3 Nf6 2. g3 b5 3. Bg2 Bb7 4. 0-0 e6 5. d3 Be7 6. e4 d6 7. c3 0-0 8. a4 a6 9. axb5 axb5 10. Rxa8 Bxa8 11. Qb3 Qd7 12. Na3 c6 13. e5 Nd5 14. c4 Nc7 15. Bf4 d5 16. cxb5 cxb5 17. Ra1 b4 18. Nc2 Nc6 19. Ncd4 Bb7 20. h4 Rc8 21. h5 h6 22. Nxc6 Bxc6 23. Nd4 Bb7 24. Ra7 Rb8 25. Qd1 Bc5 26. Qg4 Kh7 27. Rxb7 Rxb7 28. Nf3 Bf8 29. Bf1 Kh8 30. d4 Ra7 31. Kg2 Ra2 32. Bd3 Rxb2 33. Nh4 Qe8 34. Ng6+ fxg6 35. Bxg6 Qe7 36. Bd3 Qf7 37. Bg6 Qg8 38. Qf3 b3 39. Qc3 Rc2 40. Qxb3 Rc4 41. Qb6 Na8 42. Qb7 Nc7 43. Qb3 Be7 44. Qf3 Bg5 45. Kh2 Bxf4 46. Kh1 Rxd4 47. Kg1 Rd1+ 48. Kh2 Nb5 49. Kh3 Rh1+ 50. Kg2 Bg5 0-1

[Event "Checkmate Covid Rematch"]
[Site "Chess.com INT"]
[Date "2021.06.05"]
[Round "?"]
[White "Horton, Andrew P"]
[Black "Jones, Gawain C B"]
[Result "0-1"]
[WhiteElo "2375"]
[BlackElo "2677"]
[PlyCount "96"]
[EventDate "2021.06.05"]
[EventType "swiss (blitz)"]
[EventRounds "20"]
[EventCountry "ENG"]
[SourceTitle "CBM 202 Extra"]
[Source "ChessBase"]
[SourceDate "2021.07.31"]
[SourceVersion "1"]
[SourceVersionDate "2021.07.31"]
[SourceQuality "1"]

1. d4 Nf6 2. c4 a6 3. g3 c5 4. Nf3 cxd4 5. Nxd4 e5 6. Nf3 e4 7. Nd4 d5 8. cxd5 Bb4+ 9. Bd2 Bxd2+ 10. Qxd2 Nxd5 11. Bg2 e3 12. fxe3 0-0 13. Nc3 Nxc3 14. Qxc3 Re8 15. 0-0 Nd7 16. Nf5 Qf6 17. Qxf6 Nxf6 18. Nd6 Rd8 19. Rfd1 Bg4 20. Nxb7 Rxd1+ 21. Rxd1 Bxe2 22. Rd2 Bb5 23. Rd8+ Rxd8 24. Nxd8 Kf8 25. Bc6 Bc4 26. b3 Bd3 27. Nb7 Ke7 28. Nc5 Bb1 29. Nxa6 Bxa2 30. Ba4 Bb1 31. Nc5 Kd6 32. b4 Nd5 33. Na6 Bd3 34. b5 Nc3 35. Nb4 Bc4 36. Bc2 Nxb5 37. Bxh7 g6 38. Nc2 Ke5 39. Nd4 Kf6 40. h4 Kg7 41. Bxg6 Kxg6 42. Nf3 Bd5 43. Nd2 Nc3 44. g4 Be6 45. g5 Kh5 46. Nf3 Bd5 47. Ne5 Ne4 48. g6 fxg6 0-1

[Event "Titled Tuesday intern op 20th Apr"]
[Site "Chess.com INT"]
[Date "2021.04.20"]
[Round "7"]
[White "Djokic, Mihailo"]
[Black "Horton, Andrew P"]
[Result "0-1"]
[WhiteElo "2175"]
[BlackElo "2375"]
[PlyCount "66"]
[EventDate "2021.04.20"]
[EventType "swiss (blitz)"]
[EventRounds "11"]
[EventCountry "USA"]
[SourceTitle "CBM 202 Extra"]
[Source "ChessBase"]
[SourceDate "2021.07.31"]
[SourceVersion "1"]
[SourceVersionDate "2021.07.31"]
[SourceQuality "1"]

1. e4 c6 2. d4 d5 3. e5 a6 4. Ne2 Bg4 5. f3 Bd7 6. c3 c5 7. dxc5 Qc7 8. Qxd5 e6 9. Qe4 Bxc5 10. Qf4 Ne7 11. Be3 Nd5 12. Qg5 Nxe3 13. Qxg7 Rf8 14. Qxh7 Qxe5 15. Nd2 Rh8 16. Qd3 Nc6 17. Ne4 0-0-0 18. f4 Qd5 19. Qxd5 exd5 20. Nxc5 Nc2+ 21. Kd2 Nxa1 22. Ng3 d4 23. Bd3 dxc3+ 24. Kxc3 Kc7 25. Nge4 Bf5 26. h3 Rd5 27. Rxa1 Rhd8 28. Bc4 Rd4 29. Re1 Re8 30. Bd3 a5 31. a3 b6 32. Na6+ Kd8 33. Nf6 Rxd3+ 0-1

[Event "English Online Blitz"]
[Site "Chess.com INT"]
[Date "2020.05.16"]
[Round "2.24"]
[White "Horton, Andrew P"]
[Black "Haria, Ravi"]
[Result "1-0"]
[WhiteElo "2375"]
[BlackElo "2440"]
[PlyCount "107"]
[EventDate "2020.05.16"]
[EventType "k.o. (blitz)"]
[EventRounds "4"]
[EventCountry "ENG"]
[SourceTitle "CBM 196 Extra"]
[Source "ChessBase"]
[SourceDate "2020.07.31"]
[SourceVersion "1"]
[SourceVersionDate "2020.07.31"]
[SourceQuality "1"]

1. Nf3 d5 2. c4 e6 3. g3 Nf6 4. Bg2 d4 5. e3 c5 6. exd4 cxd4 7. d3 Nc6 8. 0-0 h6 9. Na3 Bxa3 10. bxa3 0-0 11. Rb1 Re8 12. Re1 e5 13. Nd2 Nd7 14. Ne4 Qc7 15. Qh5 a5 16. f4 Ra6 17. f5 Ne7 18. Rf1 Nf6 19. Nxf6+ Rxf6 20. Be4 b6 21. g4 Qd7 22. g5 hxg5 23. Bxg5 Rxf5 24. Rxf5 Nxf5 25. Rf1 g6 26. Qg4 Qd6 27. Qg2 Kh7 28. Rf3 Rh8 29. h4 Kg8 30. Qf2 Be6 31. Bf6 Rh5 32. Rh3 Qxa3 33. Kg2 Ne3+ 34. Rxe3 dxe3 35. Qxe3 Qxa2+ 36. Kg3 Qb1 37. c5 Qf1 38. Bg5 f5 39. Qd2 f4+ 40. Kh2 Qh3+ 41. Kg1 Qg4+ 42. Kf1 Qh3+ 43. Ke1 bxc5 44. Qxa5 Qe3+ 45. Kd1 Bg4+ 46. Kc2 Qe2+ 47. Kb1 Qd1+ 48. Kb2 Qe2+ 49. Kb1 Qf1+ 50. Kb2 Be6 51. Qd8+ Kg7 52. Qf6+ Kh7 53. Qxg6+ Kh8 54. Bf6# 1-0

[Event "English Online Blitz"]
[Site "Chess.com INT"]
[Date "2020.05.16"]
[Round "4.12"]
[White "Horton, Andrew P"]
[Black "Harvey, Marcus Ross"]
[Result "0-1"]
[WhiteElo "2375"]
[BlackElo "2440"]
[PlyCount "68"]
[EventDate "2020.05.16"]
[EventType "k.o. (blitz)"]
[EventRounds "4"]
[EventCountry "ENG"]
[SourceTitle "CBM 196 Extra"]
[Source "ChessBase"]
[SourceDate "2020.07.31"]
[SourceVersion "1"]
[SourceVersionDate "2020.07.31"]
[SourceQuality "1"]

1. Nf3 Nf6 2. c4 e6 3. g3 b6 4. Bg2 Bb7 5. 0-0 c5 6. b3 Be7 7. Bb2 0-0 8. e3 d5 9. Nc3 dxc4 10. bxc4 Ne4 11. Ne2 Bf6 12. Bxf6 Nxf6 13. d3 Qc7 14. Nc3 Rd8 15. Qe2 Nc6 16. Rfd1 Rd7 17. Nb5 Qd8 18. Rab1 h6 19. a3 Qe7 20. Rd2 Rad8 21. Rbd1 e5 22. Nc3 Na5 23. Nh4 Bxg2 24. Nxg2 Nb3 25. Rb2 Na5 26. Rbd2 e4 27. Nf4 Nb3 28. Rb2 exd3 29. Qf1 Na5 30. Ncd5 Nxd5 31. Nxd5 Qe4 32. Qxd3 Qxd3 33. Rxd3 Nxc4 34. Rc2 Ne5 0-1